000 00437nam a2200181Ia 4500
005 20240823061956.0
008 240823s9999||||xx |||||||||||||| ||und||
041 _aENGLISH
082 _A331 N5
100 _aBhangoo.K.S
245 0 _aDynamics of Industrial Relations
250 _a1st
260 _c1995
_b"Deep and Deep,New Delhi"
500 _aYES
650 _aManagement
_bManagement Studies
942 _cBK
999 _c234799
_d234799